Sports Quiz

Random Sports or Baseball Quiz
Score 0/37 Timer 09:00
1 Play Today
Career hits Player % Correct
3465Derek Jeter
98.4%
3184*Cal Ripken, Jr.
92.1%
2460*Ozzie Smith
82.5%
3142*Robin Yount
82%
3420*Honus Wagner
73.8%
2340*Barry Larkin
73.5%
2877Omar Vizquel
69.9%
2365*Alan Trammell
66.1%
2170*Pee Wee Reese
57.2%
2326Dave Concepcion
54.1%
2455Jimmy Rollins
53.4%
2677*Luis Aparicio
51.2%
2407Miguel Tejada
43.7%
2327Edgar Renteria
42.4%
2749*Luke Appling
38.9%
2138José Reyes
38.9%
2276Tony Fernandez
38.3%
2096Garry Templeton
33.9%
2191Larry Bowa
30.5%
Career hits Player % Correct
2249Bert Campaneris
27.6%
2055Orlando Cabrera
23.7%
2103*Arky Vaughan
19.4%
2134Maury Wills
18.7%
2285*Joe Cronin
18.5%
2665*George Davis
17.9%
2605*Rabbit Maranville
17.2%
2138Dick Groat
13.9%
2226*Joe Sewell
10.9%
2004*Dave Bancroft
8.2%
2089Al Dark
7.7%
2309*Bobby Wallace
7.6%
2461Bill Dahlen
7.5%
2129Herman Long
3.7%
2165Dick Bartell
3.7%
2041Jack Glasscock
3.3%
2259Tommy Corcoran
2.6%
2084Ed McKean
2.3%
Remove Ads.
Support Sporcle.
Get the best of Sporcle when you Go Orange. This ad-free experience offers more features, more stats, and more fun while also helping to support Sporcle. Thank you for becoming a member.

You're not logged in!

Compare scores with friends on all Sporcle quizzes.
OR
Log In

Show Comments

Extras

Top Quizzes Today


Score Distribution

Your Account Isn't Verified!

In order to create a playlist on Sporcle, you need to verify the email address you used during registration. Go to your Sporcle Settings to finish the process.

Report this User

Report this user for behavior that violates our Community Guidelines.

Details: